<?xml version="1.0" encoding="UTF-8"?>
<record
    xmlns:xsi="http://www.w3.org/2001/XMLSchema-instance"
    xsi:schemaLocation="http://www.loc.gov/MARC21/slim http://www.loc.gov/standards/marcxml/schema/MARC21slim.xsd"
    xmlns="http://www.loc.gov/MARC21/slim">

  <leader>01958nim a2200361 i 4500</leader>
  <controlfield tag="003">CO-BoRNBP</controlfield>
  <controlfield tag="005">20230508202923.0</controlfield>
  <controlfield tag="007">vd cvadzs</controlfield>
  <controlfield tag="008">21    s2009    ck 125 b |||| |0| mcmul d</controlfield>
  <datafield tag="020" ind1=" " ind2=" ">
    <subfield code="a">7506036008483</subfield>
  </datafield>
  <datafield tag="040" ind1=" " ind2=" ">
    <subfield code="a">CO-BoRNBP</subfield>
    <subfield code="b">spa</subfield>
    <subfield code="e">rda</subfield>
    <subfield code="c">CO-BoRNBP</subfield>
  </datafield>
  <datafield tag="041" ind1="1" ind2=" ">
    <subfield code="a">jpn</subfield>
    <subfield code="h">spa</subfield>
  </datafield>
  <datafield tag="082" ind1="0" ind2="4">
    <subfield code="a">791.43</subfield>
    <subfield code="b">M39i</subfield>
    <subfield code="2">22</subfield>
  </datafield>
  <datafield tag="100" ind1="1" ind2=" ">
    <subfield code="a">Miyazaki, Hayao</subfield>
    <subfield code="d">1941-</subfield>
    <subfield code="e">autor</subfield>
    <subfield code="9">1854</subfield>
  </datafield>
  <datafield tag="245" ind1="1" ind2="3">
    <subfield code="a">El increible castillo vagabundo</subfield>
    <subfield code="c">gui&#xF3;n y direcci&#xF3;n de Hayao Miyazaki  ; m&#xFA;sica de Joe Hisaishi</subfield>
  </datafield>
  <datafield tag="246" ind1="3" ind2="3">
    <subfield code="a">Howl's Moving Castle</subfield>
  </datafield>
  <datafield tag="250" ind1=" " ind2=" ">
    <subfield code="a">1a. edici&#xF3;n</subfield>
  </datafield>
  <datafield tag="264" ind1=" " ind2="1">
    <subfield code="a">M&#xE9;xico, M&#xE9;xico</subfield>
    <subfield code="b">Zima Enterteinment</subfield>
    <subfield code="b">Studio Ghibli</subfield>
    <subfield code="c">2010</subfield>
  </datafield>
  <datafield tag="300" ind1=" " ind2=" ">
    <subfield code="a">1 DVD (119 minutos)</subfield>
    <subfield code="b">est&#xE9;reo, color</subfield>
    <subfield code="c">19 cm</subfield>
  </datafield>
  <datafield tag="336" ind1=" " ind2=" ">
    <subfield code="2">rdacontent</subfield>
    <subfield code="a">imagen bidimensional en movimiento</subfield>
    <subfield code="b">tdi</subfield>
  </datafield>
  <datafield tag="337" ind1=" " ind2=" ">
    <subfield code="2">rdamedia</subfield>
    <subfield code="a">video</subfield>
    <subfield code="b">v</subfield>
  </datafield>
  <datafield tag="338" ind1=" " ind2=" ">
    <subfield code="2">rdacarrier</subfield>
    <subfield code="a">videodisco</subfield>
    <subfield code="b">vd</subfield>
  </datafield>
  <datafield tag="520" ind1="0" ind2="3">
    <subfield code="a">"En un mundo m&#xE1;gico, la peque&#xF1;a Sophie -quien hace sombreros en la tienda que su padre le hered&#xF3;- se encuentra con un hechicero llamado Howl. Pero una malvada bruja, en un ataque de celos, hace caer una maldici&#xF3;n sobre Sophie, transform&#xE1;ndola en una viejita. desesperada, Sophie abandona su casa y vaga triste sin rumbo fijo, cuando de pronto se encuentra con el Castillo Vagabundo de Howl, el Hechicero. Escondiendo su verdadera identidad, entra en el castillo como ama de llaves &#xBF;Qu&#xE9; aventuras m&#xE1;gicas le esperan a Sophie con este hechicero en el increible viaje del castillo vagabundo?" Tomado del estuche

</subfield>
  </datafield>
  <datafield tag="521" ind1=" " ind2=" ">
    <subfield code="a">Recomendado para p&#xFA;blico infantil mayor de 6 a&#xF1;os	</subfield>
  </datafield>
  <datafield tag="546" ind1=" " ind2=" ">
    <subfield code="a">Pel&#xED;cula en japon&#xE9;s con subt&#xED;tulos en espa&#xF1;ol</subfield>
  </datafield>
  <datafield tag="650" ind1="1" ind2="7">
    <subfield code="a">Pel&#xED;culas cinematogr&#xE1;ficas japonesas</subfield>
    <subfield code="v">DVD</subfield>
    <subfield code="2">LEMB</subfield>
    <subfield code="9">1855</subfield>
  </datafield>
  <datafield tag="650" ind1="1" ind2="7">
    <subfield code="a">Pel&#xED;culas animadas japonesas</subfield>
    <subfield code="v">DVD</subfield>
    <subfield code="2">LEMB</subfield>
    <subfield code="9">1856</subfield>
  </datafield>
  <datafield tag="650" ind1="1" ind2="7">
    <subfield code="a">Magia</subfield>
    <subfield code="v">DVD</subfield>
    <subfield code="2">LEMB</subfield>
    <subfield code="9">1857</subfield>
  </datafield>
  <datafield tag="650" ind1="1" ind2="7">
    <subfield code="a">Dibujos animados</subfield>
    <subfield code="v">DVD</subfield>
    <subfield code="2">LEMB</subfield>
    <subfield code="9">1858</subfield>
  </datafield>
  <datafield tag="650" ind1="1" ind2="7">
    <subfield code="a">Historias de aventuras</subfield>
    <subfield code="v">DVD</subfield>
    <subfield code="2">LEMB</subfield>
    <subfield code="9">1859</subfield>
  </datafield>
  <datafield tag="700" ind1="1" ind2=" ">
    <subfield code="a">Hisaishi, Joe</subfield>
    <subfield code="d">1950-</subfield>
    <subfield code="e">compositor</subfield>
    <subfield code="9">1860</subfield>
  </datafield>
  <datafield tag="942" ind1=" " ind2=" ">
    <subfield code="2">ddc</subfield>
    <subfield code="c">DVD</subfield>
  </datafield>
  <datafield tag="999" ind1=" " ind2=" ">
    <subfield code="c">9499</subfield>
    <subfield code="d">9499</subfield>
  </datafield>
  <datafield tag="952" ind1=" " ind2=" ">
    <subfield code="0">0</subfield>
    <subfield code="1">0</subfield>
    <subfield code="2">ddc</subfield>
    <subfield code="4">0</subfield>
    <subfield code="7">0</subfield>
    <subfield code="8">GEN</subfield>
    <subfield code="a">MEGUAMAL</subfield>
    <subfield code="b">MEGUAMAL</subfield>
    <subfield code="c">AV</subfield>
    <subfield code="d">2023-05-08</subfield>
    <subfield code="l">0</subfield>
    <subfield code="o">791.43 M39i</subfield>
    <subfield code="p">GUA003526</subfield>
    <subfield code="r">2023-05-08 00:00:00</subfield>
    <subfield code="t">Ej.1</subfield>
    <subfield code="w">2023-05-08</subfield>
    <subfield code="y">DVD</subfield>
  </datafield>
  <datafield tag="952" ind1=" " ind2=" ">
    <subfield code="0">0</subfield>
    <subfield code="1">0</subfield>
    <subfield code="2">ddc</subfield>
    <subfield code="4">0</subfield>
    <subfield code="7">0</subfield>
    <subfield code="8">GEN</subfield>
    <subfield code="a">MEMAPIRI</subfield>
    <subfield code="b">MEMAPIRI</subfield>
    <subfield code="c">GEN</subfield>
    <subfield code="d">2024-01-24</subfield>
    <subfield code="l">0</subfield>
    <subfield code="o">791.43 M39i</subfield>
    <subfield code="p">pri 2021-14205</subfield>
    <subfield code="r">2024-01-24 20:31:50</subfield>
    <subfield code="t">Ej.1</subfield>
    <subfield code="w">2024-01-24</subfield>
    <subfield code="y">DVD</subfield>
  </datafield>
</record>
